00791nai a2200193Ia 4500003000900000008004100009022002200050022002300072040001600095245009700111260008600208310001300294362003600307521006900343650005800412650002000470650001400490856009300504IN-BaIIA211028c9999 xx s 000 0 eng d a2168-0329 (Print) a2168-0337 (Online) cIIA Library 0aTransactions of the IRE Professional Group on Radio Telemetry and Remote Controlh[eJournal] aNew York, USAbThe Institute of Electrical and Electronics Engineers, Inc. (IEEE) aAnnually aPGRTRC-1; 1954 - PGRTRC-2; 1954 bSubscribed through National Knowledge Resource Consortium (NKRC) a Communication, Networking and Broadcast Technologies a Transportation aAerospace uhttps://ieeexplore.ieee.org/servlet/opac?punumber=4335619yClick Here to Access eJournal